000
00304nam a22001337a 4500
020
_a
978-8186099926
041
_a
ENG
100
_a
Katyayan .A
245
_a
Fundamentals of Agriculture Vol 2
260
_a
Varanasi
_b
kUSHAL pub
_c
2019
300
_a
539
650
_a
Banking
856
_u
Competitive Exam
999
_c
163
_d
163